000 01364na a2200373 4500
001 15114
003 MIRAKIL
005 20181213155014.0
008 160903b tu 000 0
020 _a9751931797
022 _a0082-691X
035 _a15114
040 _aMilas
_btur
_cTR-AnCHP
041 _atur
_aeng
082 _aDAN 315.61 2001
_bT95i 2002
090 _aDAN 315.61 2001 T95i 2002
100 _aDevlet İstatistik Enstitüsü (DİE)
222 _aİstatistik yıllığı
245 _aTürkiye istatistik yıllığı
_b2001 = Statistical yearbook of Turkey
_cDevlet İstatistik Enstitüsü
246 _aTurkey's statistical yearbook
246 _aStatistical yearbook of Turkey
260 _aAnkara
_bDevlet İstatistik Enstitüsü (DİE)
_c2002
300 _axxviii, 733 s.
_brnkl. res.,tbl., grf., hrt.
_c29 sm.
310 _aYıllık
490 _aDevlet İstatistik Enstitüsü
_v2690
500 _aDerginin elektronik ortamı mevcuttur.
500 _a2007 yılı itibarıyla ciltler 24 sm.dir.
500 _aKurum adı "Türkiye İstatistik Kurumu (TÜİK)" olmuştur.
546 _aKitap Türkçe ve İngilizce karşılıklıdır.
650 _aİstatistikler
_xYıllıklar
_zTürkiye
651 _aTürkiye
_xİstatistikler
_ySüreli yayınlar
710 _aTürkiye İstatistik Kurumu (TÜİK)
942 _2dcc
_cBKS
999 _c4690
_d4690